000 01169njm a22002657a 4500
005 20100908113817.0
007 sd ammalaaahaa
008 100830t xxu||||| |||| 00| 0 hin d
028 _aN. 54604
_bHis Master's Voice
035 _aGR-01282
040 _aSED/VEN
100 _917458
_aBhosle, Asha
245 _aBaghi bhag 1 /
_h[Sound recording] :
_cby Asha Bhosle & Usha Mangeshker ; music Chitragupta ; lyric Hasrat Jaipuri
246 _aबगही (आशा भोसले)
260 _aDum Dum, India
_bHis Master's Voice
_c1964
300 _a1 Sound disc [Gramophone Record] :
_banalog, 33 1/3 rpm
_c10 in (LP)
_fGramophone Records
500 _aBrief record
505 _aSakiya mera ak kaam kar de, Id ki raat pyar laai hai (साक़िया मेरा अक काम कर दे) (ईद की रात प्यार लाइ है) पार्ट. 2
650 _aClassical Music
_91186
_zIndia
_xExcerpts
700 _917459
_aMangeshker, Usha
700 _aChitragupta
_918822
700 _aJaipuri, Hasrat
_918873
942 _2ddc
_cGR
999 _c44431
_d44431